Novell Netware 5: Điều hành và quản trị Từ căn bản đến chuyên sâu

Đã lưu trong:
书目详细资料
主要作者: Nguyễn Tiến
格式: 图书
语言:Undetermined
出版: Hà Nội Giáo Dục 1999
主题:
标签: 添加标签
没有标签, 成为第一个标记此记录!
Thư viện lưu trữ: Trung tâm Học liệu Trường Đại học Cần Thơ
LEADER 00675nam a2200181Ia 4500
001 CTU_42026
008 210402s9999 xx 000 0 und d
082 |a 005.4476 
082 |b T305n 
100 |a Nguyễn Tiến 
245 0 |a Novell Netware 5: Điều hành và quản trị 
245 0 |b Từ căn bản đến chuyên sâu 
245 0 |c Nguyễn Tiến, Nguyễn Xuân Hoài, Đặng Văn Hường 
260 |a Hà Nội 
260 |b Giáo Dục 
260 |c 1999 
650 |a network computing,novell netware ( computer programs ),operating system,system administration 
980 |a Trung tâm Học liệu Trường Đại học Cần Thơ